Football Féminin : Les joueuses passées par le PSG - Statistiques

Statistiques générales
  • Ce quiz a été pris 93 fois
  • Le résultat moyen est 5 sur 12
Answers on the Grid
Answers color-coded by a green-red scale on the quiz's grid according to % correct below.
Lindsey Horan
Shirley Cruz
Ada Hegerberg
Ann-Katrin Berger
Chloe Kelly
Alex Morgan
Laure Boulleau
Delphine Cascarino
Kosovare Asllani
Tobin Heath
Kenza Dali
Janice Cayman
Laura Georges
Clara Mateo
Eve Perisset
Sakina Karchaoui
Amandine Henry
Megan Rapinoe
Sonia Bompastor
Mary Fowler
 
Statistiques - réponses
Réponse % Correct
Sakina Karchaoui
72%
Lindsey Horan
66%
Laure Boulleau
61%
Eve Perisset
48%
Laura Georges
45%
Kenza Dali
41%
Kosovare Asllani
41%
Amandine Henry
39%
Shirley Cruz
36%
Tobin Heath
31%
Ann-Katrin Berger
25%
Sonia Bompastor
22%
Aucun quiz correspondant
Distribution des résultats
% des personnes avec chaque résultat
Percentile par nombre de réponses
Votre historique - résultats
Vous n’avez pas pris ce quiz